[Event "Baku Chess Olympiad | Open"]
[Site "chess24.com"]
[Date "2016.09.03"]
[Round "2"]
[White "Solomon, Kenny"]
[Black "Parligras, Mircea-Emilian"]
[Result "0-1"]
[Board "1"]
[WhiteID "14300192"]
[WhiteElo "2371"]
[WhiteTitle "GM"]
[WhiteCountry "RSA"]
[WhiteFideId "14300192"]
[WhiteEloChange "-4"]
[BlackID "1204297"]
[BlackElo "2595"]
[BlackTitle "GM"]
[BlackCountry "ROU"]
[BlackFideId "1204297"]
[BlackEloChange "2"]

1. d4 {[%clk 1:30:56]} Nf6 {[%clk 1:30:51]} 2. c4 {[%clk 1:31:18]} e6 {[%clk
1:31:15]} 3. Nf3 {[%clk 1:31:41]} b6 {[%clk 1:31:32]} 4. g3 {[%clk 1:31:55]} Ba6
{[%clk 1:31:51]} 5. b3 {[%clk 1:32:19]} Bb4+ {[%clk 1:31:55]} 6. Bd2 {[%clk
1:32:37]} Be7 {[%clk 1:32:15]} 7. Nc3 {[%clk 1:32:32]} O-O {[%clk 1:32:03]} 8.
Qc2 {[%clk 1:17:04]} d5 {[%clk 1:31:03]} 9. cxd5 {[%clk 1:17:31]} exd5 {[%clk
1:30:44]} 10. Bg2 {[%clk 1:17:51]} c5 {[%clk 1:30:22]} 11. O-O {[%clk 1:15:46]}
Nc6 {[%clk 1:28:19]} 12. dxc5 {[%clk 1:15:43]} d4 {[%clk 1:22:42]} 13. Na4 {[%clk
1:12:07]} d3 {[%clk 1:21:49]} 14. exd3 {[%clk 1:09:37]} Bxd3 {[%clk 1:22:11]} 15.
Qc1 {[%clk 1:09:45]} Bxf1 {[%clk 1:21:46]} 16. Qxf1 {[%clk 1:10:01]} bxc5 {[%clk
1:21:42]} 17. Rd1 {[%clk 1:07:07]} Qc8 {[%clk 1:16:59]} 18. Be3 {[%clk 0:36:44]}
Rb8 {[%clk 1:05:41]} 19. Bf4 {[%clk 0:33:54]} Rb4 {[%clk 1:05:29]} 20. Bd2 {[%clk
0:30:47]} Rb7 {[%clk 1:03:46]} 21. Be3 {[%clk 0:17:23]} Rd8 {[%clk 0:58:29]} 22.
Rc1 {[%clk 0:10:49]} Nd5 {[%clk 0:52:15]} 23. Bh3 {[%clk 0:04:59]} Qb8 {[%clk
0:47:34]} 24. Bxc5 {[%clk 0:05:17]} Rc7 {[%clk 0:46:47]} 25. Bxe7 {[%clk
0:00:34]} Ncxe7 {[%clk 0:46:46]} 26. Re1 {[%clk 0:00:38]} Rc2 {[%clk 0:43:47]}
27. Ng5 {[%clk 0:00:38]} Rxa2 {[%clk 0:40:44]} 28. Be6 {[%clk 0:00:34]} fxe6
{[%clk 0:34:01]} 29. Qh3 {[%clk 0:01:02]} h6 {[%clk 0:34:22]} 30. Qxe6+ {[%clk
0:01:20]} Kh8 {[%clk 0:34:47]} 31. Nf7+ {[%clk 0:00:36]} Kh7 {[%clk 0:35:11]} 32.
Qe4+ {[%clk 0:00:39]} Ng6 {[%clk 0:29:55]} 33. Nxd8 {[%clk 0:00:34]} Qxd8 {[%clk
0:30:18]} 34. f4 {[%clk 0:00:31]} Nxf4 {[%clk 0:29:01]} 0-1

[Event "Baku Chess Olympiad | Open"]
[Site "chess24.com"]
[Date "2016.09.03"]
[Round "2"]
[White "Deac, Bogdan-Daniel"]
[Black "Cawdery, Daniel"]
[Result "1-0"]
[Board "2"]
[WhiteID "1226380"]
[WhiteElo "2524"]
[WhiteTitle "IM"]
[WhiteCountry "ROU"]
[WhiteFideId "1226380"]
[WhiteEloChange "3"]
[BlackID "14300249"]
[BlackElo "2416"]
[BlackTitle "IM"]
[BlackCountry "RSA"]
[BlackFideId "14300249"]
[BlackEloChange "-3"]

1. Nf3 {[%clk 1:30:58]} Nf6 {[%clk 1:30:55]} 2. c4 {[%clk 1:31:21]} c5 {[%clk
1:30:15]} 3. Nc3 {[%clk 1:31:43]} Nc6 {[%clk 1:30:25]} 4. d4 {[%clk 1:31:53]}
cxd4 {[%clk 1:30:00]} 5. Nxd4 {[%clk 1:32:17]} g6 {[%clk 1:29:23]} 6. e4 {[%clk
1:31:14]} d6 {[%clk 1:29:26]} 7. Nc2 {[%clk 1:31:11]} Bg7 {[%clk 1:29:46]} 8. Be2
{[%clk 1:31:35]} O-O {[%clk 1:28:06]} 9. O-O {[%clk 1:31:05]} Nd7 {[%clk
1:27:59]} 10. Bd2 {[%clk 1:31:05]} Nc5 {[%clk 1:24:09]} 11. b4 {[%clk 1:31:08]}
Ne6 {[%clk 1:12:21]} 12. Nd5 {[%clk 1:10:27]} Ned4 {[%clk 1:04:24]} 13. Nxd4
{[%clk 1:09:58]} Nxd4 {[%clk 1:03:50]} 14. Rc1 {[%clk 1:01:13]} e6 {[%clk
0:43:24]} 15. Nc3 {[%clk 0:52:11]} b6 {[%clk 0:37:03]} 16. Bd3 {[%clk 0:48:49]}
Bb7 {[%clk 0:35:59]} 17. Ne2 {[%clk 0:48:06]} Rc8 {[%clk 0:33:00]} 18. Re1 {[%clk
0:41:13]} Re8 {[%clk 0:30:05]} 19. Nxd4 {[%clk 0:24:09]} Bxd4 {[%clk 0:30:33]}
20. Qg4 {[%clk 0:18:22]} Qf6 {[%clk 0:25:40]} 21. Qf4 {[%clk 0:18:33]} Qxf4
{[%clk 0:20:49]} 22. Bxf4 {[%clk 0:18:59]} d5 {[%clk 0:20:20]} 23. exd5 {[%clk
0:11:08]} exd5 {[%clk 0:20:46]} 24. Rxe8+ {[%clk 0:10:33]} Rxe8 {[%clk 0:21:15]}
25. Kf1 {[%clk 0:09:48]} Rc8 {[%clk 0:17:28]} 26. f3 {[%clk 0:08:41]} a5 {[%clk
0:10:51]} 27. cxd5 {[%clk 0:01:13]} Rxc1+ {[%clk 0:10:27]} 28. Bxc1 {[%clk
0:01:34]} Bxd5 {[%clk 0:10:37]} 29. bxa5 {[%clk 0:01:57]} bxa5 {[%clk 0:10:54]}
30. a4 {[%clk 0:02:19]} f5 {[%clk 0:08:44]} 31. Bd2 {[%clk 0:02:14]} Bb6 {[%clk
0:09:05]} 32. Ke2 {[%clk 0:01:50]} Kf7 {[%clk 0:08:46]} 33. Bb5 {[%clk 0:01:47]}
Ke6 {[%clk 0:08:49]} 34. Kd3 {[%clk 0:02:03]} Bd8 {[%clk 0:06:45]} 35. h3 {[%clk
0:00:46]} Kd6 {[%clk 0:06:08]} 36. Be3 {[%clk 0:00:36]} g5 {[%clk 0:05:40]} 37.
Kd2 {[%clk 0:00:37]} h5 {[%clk 0:02:41]} 38. Ke2 {[%clk 0:00:48]} Bb3 {[%clk
0:01:42]} 39. Kd3 {[%clk 0:00:54]} Bf7 {[%clk 0:00:48]} 40. Bd4 {[%clk 0:30:51]}
Bg6 {[%clk 0:30:51]} 41. Kd2 {[%clk 0:28:47]} Kd5 {[%clk 0:30:24]} 42. Kc3 {[%clk
0:26:23]} Kd6 {[%clk 0:24:22]} 43. Ba7 {[%clk 0:26:28]} Bf6+ {[%clk 0:19:56]} 44.
Kc4 {[%clk 0:26:20]} Bf7+ {[%clk 0:20:00]} 45. Kd3 {[%clk 0:26:41]} Bd8 {[%clk
0:19:35]} 46. Kc3 {[%clk 0:22:33]} Bf6+ {[%clk 0:19:19]} 47. Kd2 {[%clk 0:21:59]}
Bd8 {[%clk 0:18:33]} 48. Bd4 {[%clk 0:20:23]} Bd5 {[%clk 0:18:20]} 49. Ke3 {[%clk
0:20:17]} Bc6 {[%clk 0:13:50]} 50. Bxc6 {[%clk 0:19:51]} Kxc6 {[%clk 0:14:19]}
51. g4 {[%clk 0:20:07]} hxg4 {[%clk 0:13:48]} 52. hxg4 {[%clk 0:20:24]} fxg4
{[%clk 0:14:09]} 53. fxg4 {[%clk 0:20:48]} Kd5 {[%clk 0:13:41]} 54. Kd3 {[%clk
0:21:11]} Bc7 {[%clk 0:04:21]} 55. Bf6 {[%clk 0:20:56]} Kc5 {[%clk 0:04:06]} 56.
Be7+ {[%clk 0:16:16]} Bd6 {[%clk 0:04:05]} 57. Bxd6+ {[%clk 0:16:40]} Kxd6 {[%clk
0:04:32]} 58. Kd4 {[%clk 0:17:04]} Ke6 {[%clk 0:01:23]} 59. Ke4 {[%clk 0:17:09]}
Kd6 {[%clk 0:01:32]} 60. Kf5 {[%clk 0:17:29]} Kc5 {[%clk 0:01:58]} 61. Kxg5
{[%clk 0:17:51]} Kb4 {[%clk 0:02:26]} 62. Kf5 {[%clk 0:18:00]} Kxa4 {[%clk
0:02:52]} 63. g5 {[%clk 0:18:23]} Kb3 {[%clk 0:02:57]} 64. g6 {[%clk 0:18:43]} a4
{[%clk 0:03:22]} 65. g7 {[%clk 0:19:08]} a3 {[%clk 0:03:46]} 66. g8Q+ {[%clk
0:19:32]} Kb2 {[%clk 0:04:14]} 67. Qg2+ {[%clk 0:19:33]} 1-0

[Event "Baku Chess Olympiad | Open"]
[Site "chess24.com"]
[Date "2016.09.03"]
[Round "2"]
[White "Jianu, Vlad-Cristian"]
[Black "Van den Heever, Donovan"]
[Result "1-0"]
[Board "4"]
[WhiteID "1208110"]
[WhiteElo "2554"]
[WhiteTitle "GM"]
[WhiteCountry "ROU"]
[WhiteFideId "1208110"]
[WhiteEloChange "1"]
[BlackID "14300494"]
[BlackElo "2247"]
[BlackTitle "IM"]
[BlackCountry "RSA"]
[BlackFideId "14300494"]
[BlackEloChange "-3"]

1. d4 {[%clk 1:30:56]} Nf6 {[%clk 1:30:50]} 2. Nf3 {[%clk 1:29:57]} e6 {[%clk
1:27:29]} 3. c4 {[%clk 1:28:32]} c5 {[%clk 1:27:18]} 4. d5 {[%clk 1:28:22]} exd5
{[%clk 1:27:24]} 5. cxd5 {[%clk 1:28:46]} d6 {[%clk 1:27:45]} 6. Nc3 {[%clk
1:29:00]} g6 {[%clk 1:27:48]} 7. Bf4 {[%clk 1:28:37]} Bg7 {[%clk 1:23:21]} 8.
Qa4+ {[%clk 1:27:28]} Bd7 {[%clk 1:08:14]} 9. Qb3 {[%clk 1:26:38]} Qc7 {[%clk
1:05:29]} 10. e4 {[%clk 1:21:26]} O-O {[%clk 1:00:08]} 11. Bd3 {[%clk 1:18:08]}
Nh5 {[%clk 0:54:41]} 12. Be3 {[%clk 1:16:11]} a6 {[%clk 0:48:58]} 13. a4 {[%clk
1:16:13]} b6 {[%clk 0:44:48]} 14. O-O {[%clk 1:11:57]} Bc8 {[%clk 0:44:29]} 15.
Nd2 {[%clk 1:03:00]} f5 {[%clk 0:33:47]} 16. f4 {[%clk 0:44:12]} Nf6 {[%clk
0:28:35]} 17. e5 {[%clk 0:37:37]} Ng4 {[%clk 0:28:29]} 18. Rae1 {[%clk 0:37:28]}
Qd8 {[%clk 0:26:09]} 19. Nc4 {[%clk 0:22:23]} dxe5 {[%clk 0:21:20]} 20. fxe5
{[%clk 0:14:57]} f4 {[%clk 0:14:27]} 21. Bf2 {[%clk 0:11:03]} b5 {[%clk 0:03:07]}
22. axb5 {[%clk 0:11:02]} axb5 {[%clk 0:03:33]} 23. Nxb5 {[%clk 0:09:09]} f3
{[%clk 0:03:15]} 24. g3 {[%clk 0:08:34]} Qg5 {[%clk 0:01:41]} 25. h4 {[%clk
0:06:46]} Qh5 {[%clk 0:02:03]} 26. e6 {[%clk 0:06:24]} g5 {[%clk 0:01:51]} 27. e7
{[%clk 0:04:41]} Nxf2 {[%clk 0:00:34]} 28. exf8Q+ {[%clk 0:04:29]} Bxf8 {[%clk
0:00:49]} 29. Rxf2 {[%clk 0:02:48]} gxh4 {[%clk 0:00:48]} 30. Rxf3 {[%clk
0:02:10]} Bg4 {[%clk 0:00:49]} 31. Rf4 {[%clk 0:01:37]} hxg3 {[%clk 0:00:48]} 32.
Bxh7+ {[%clk 0:01:41]} Kxh7 {[%clk 0:00:42]} 33. Qxg3 {[%clk 0:02:04]} Bh6 {[%clk
0:00:32]} 34. Rxg4 {[%clk 0:01:56]} Nd7 {[%clk 0:00:32]} 35. Re7+ {[%clk
0:01:45]} 1-0

[Event "Baku Chess Olympiad | Open"]
[Site "chess24.com"]
[Date "2016.09.03"]
[Round "2"]
[White "Dive, Russell John"]
[Black "Kazhgaleyev, Murtas"]
[Result "0-1"]
[Board "2"]
[WhiteID "4300106"]
[WhiteElo "2309"]
[WhiteTitle "IM"]
[WhiteCountry "NZL"]
[WhiteFideId "4300106"]
[WhiteEloChange "-3"]
[BlackID "13700316"]
[BlackElo "2594"]
[BlackTitle "GM"]
[BlackCountry "KAZ"]
[BlackFideId "13700316"]
[BlackEloChange "2"]

1. Nf3 {[%clk 1:30:30]} e6 {[%clk 1:30:30]} 2. c4 {[%clk 1:30:30]} Nf6 {[%clk
1:30:30]} 3. g3 {[%clk 1:30:30]} d5 {[%clk 1:30:30]} 4. Bg2 {[%clk 1:30:30]} dxc4
{[%clk 1:30:30]} 5. Qa4+ {[%clk 1:30:30]} Nbd7 {[%clk 1:30:30]} 6. Qxc4 {[%clk
1:30:30]} a6 {[%clk 1:30:30]} 7. Qc2 {[%clk 1:30:49]} c5 {[%clk 1:31:10]} 8. O-O
{[%clk 1:30:53]} b6 {[%clk 1:31:07]} 9. a4 {[%clk 0:55:56]} Bb7 {[%clk 1:29:50]}
10. b3 {[%clk 0:55:28]} Be7 {[%clk 1:29:01]} 11. Bb2 {[%clk 0:55:47]} O-O {[%clk
1:29:12]} 12. Na3 {[%clk 0:55:11]} Nd5 {[%clk 1:24:47]} 13. Rac1 {[%clk 0:53:50]}
Rc8 {[%clk 1:17:32]} 14. Qb1 {[%clk 0:53:01]} h6 {[%clk 1:12:38]} 15. Rfd1 {[%clk
0:52:04]} Rc7 {[%clk 1:10:23]} 16. Qa1 {[%clk 0:44:10]} N7f6 {[%clk 1:08:12]} 17.
Ne5 {[%clk 0:34:26]} Qb8 {[%clk 0:59:38]} 18. Nec4 {[%clk 0:32:24]} Qa7 {[%clk
0:54:29]} 19. Be5 {[%clk 0:19:21]} Rd7 {[%clk 0:51:55]} 20. d4 {[%clk 0:19:43]}
Rfd8 {[%clk 0:49:20]} 21. dxc5 {[%clk 0:13:37]} bxc5 {[%clk 0:49:35]} 22. Bb2
{[%clk 0:09:37]} Nb4 {[%clk 0:47:29]} 23. Rxd7 {[%clk 0:04:10]} Rxd7 {[%clk
0:47:44]} 24. Rd1 {[%clk 0:02:44]} Bd5 {[%clk 0:43:16]} 25. Qc1 {[%clk 0:00:48]}
Qb7 {[%clk 0:39:17]} 26. f3 {[%clk 0:01:11]} Nc6 {[%clk 0:38:32]} 27. Qc2 {[%clk
0:00:33]} Nd4 {[%clk 0:37:31]} 28. Bxd4 {[%clk 0:00:39]} cxd4 {[%clk 0:37:56]}
29. Nb1 {[%clk 0:00:32]} Bc5 {[%clk 0:35:16]} 30. Qd3 {[%clk 0:00:34]} Bb4 {[%clk
0:31:18]} 31. Nbd2 {[%clk 0:00:34]} Bc3 {[%clk 0:31:35]} 32. Bf1 {[%clk 0:00:33]}
Qb4 {[%clk 0:30:58]} 33. Qc2 {[%clk 0:00:34]} Rc7 {[%clk 0:30:47]} 34. Kf2 {[%clk
0:00:36]} Nd7 {[%clk 0:30:37]} 35. e4 {[%clk 0:00:47]} dxe3+ {[%clk 0:27:49]} 36.
Nxe3 {[%clk 0:00:35]} Nc5 {[%clk 0:14:07]} 37. Bc4 {[%clk 0:00:32]} Bd4 {[%clk
0:12:38]} 38. Nf1 {[%clk 0:00:32]} Nxb3 {[%clk 0:11:40]} 39. Qxb3 {[%clk
0:00:33]} Rxc4 {[%clk 0:11:47]} 40. Qxb4 {[%clk 0:30:33]} Rxb4 {[%clk 0:42:08]}
41. a5 {[%clk 0:27:37]} Ra4 {[%clk 0:39:16]} 42. Rd2 {[%clk 0:25:28]} e5 {[%clk
0:32:56]} 43. Kg2 {[%clk 0:24:23]} Be6 {[%clk 0:31:25]} 44. f4 {[%clk 0:11:59]}
Rxa5 {[%clk 0:30:35]} 45. fxe5 {[%clk 0:12:06]} Bxe5 {[%clk 0:30:52]} 46. Kf3
{[%clk 0:12:16]} g6 {[%clk 0:28:44]} 47. Rc2 {[%clk 0:11:35]} Ra3 {[%clk
0:27:43]} 48. Ke4 {[%clk 0:11:25]} Bf6 {[%clk 0:28:03]} 49. Nd2 {[%clk 0:11:18]}
Bg5 {[%clk 0:27:02]} 50. Ndc4 {[%clk 0:11:33]} Ra4 {[%clk 0:25:57]} 51. Ke5
{[%clk 0:11:24]} Kg7 {[%clk 0:25:58]} 52. Kd6 {[%clk 0:08:43]} Ra1 {[%clk
0:22:19]} 53. Kc6 {[%clk 0:05:47]} a5 {[%clk 0:20:52]} 54. Nd5 {[%clk 0:03:08]}
a4 {[%clk 0:20:09]} 55. Nc7 {[%clk 0:03:12]} Bxc4 {[%clk 0:19:34]} 56. Rxc4
{[%clk 0:03:34]} Rc1 {[%clk 0:19:36]} 57. Kb5 {[%clk 0:00:46]} a3 {[%clk
0:19:57]} 0-1

[Event "Baku Chess Olympiad | Open"]
[Site "chess24.com"]
[Date "2016.09.03"]
[Round "2"]
[White "Almasi, Zoltan"]
[Black "Kreisl, Robert"]
[Result "1-0"]
[Board "3"]
[WhiteID "702293"]
[WhiteElo "2684"]
[WhiteTitle "GM"]
[WhiteCountry "HUN"]
[WhiteFideId "702293"]
[WhiteEloChange "2"]
[BlackID "1613880"]
[BlackElo "2448"]
[BlackTitle "IM"]
[BlackCountry "AUT"]
[BlackFideId "1613880"]
[BlackEloChange "-2"]

1. e4 {[%clk 1:30:55]} c6 {[%clk 1:30:56]} 2. Nc3 {[%clk 1:30:50]} d5 {[%clk
1:31:15]} 3. Nf3 {[%clk 1:31:11]} dxe4 {[%clk 1:26:20]} 4. Nxe4 {[%clk 1:31:36]}
Nf6 {[%clk 1:26:46]} 5. Nxf6+ {[%clk 1:31:03]} exf6 {[%clk 1:27:11]} 6. Bc4
{[%clk 1:25:22]} Bd6 {[%clk 1:27:35]} 7. O-O {[%clk 1:19:21]} O-O {[%clk
1:27:59]} 8. d4 {[%clk 1:19:39]} Re8 {[%clk 1:23:36]} 9. c3 {[%clk 1:17:47]} Bg4
{[%clk 1:16:40]} 10. h3 {[%clk 1:17:02]} Bh5 {[%clk 1:16:38]} 11. Be2 {[%clk
0:54:09]} Nd7 {[%clk 1:12:46]} 12. Re1 {[%clk 0:54:27]} f5 {[%clk 1:05:15]} 13.
Bd2 {[%clk 0:46:21]} Nf6 {[%clk 0:57:19]} 14. Bg5 {[%clk 0:45:22]} h6 {[%clk
0:55:29]} 15. Bxf6 {[%clk 0:45:48]} Qxf6 {[%clk 0:55:54]} 16. Nd2 {[%clk
0:44:53]} Bg6 {[%clk 0:50:40]} 17. Bf3 {[%clk 0:39:27]} Re7 {[%clk 0:45:32]} 18.
Rxe7 {[%clk 0:37:58]} Qxe7 {[%clk 0:45:55]} 19. Qe1 {[%clk 0:35:57]} Qd7 {[%clk
0:44:11]} 20. Nc4 {[%clk 0:33:23]} Re8 {[%clk 0:43:17]} 21. Qd2 {[%clk 0:33:08]}
Bc7 {[%clk 0:43:35]} 22. Re1 {[%clk 0:33:05]} Rxe1+ {[%clk 0:43:24]} 23. Qxe1
{[%clk 0:33:32]} f6 {[%clk 0:37:47]} 24. Bd1 {[%clk 0:31:30]} b5 {[%clk 0:32:39]}
25. Nd2 {[%clk 0:31:13]} Qd6 {[%clk 0:32:55]} 26. Bb3+ {[%clk 0:29:41]} Kf8
{[%clk 0:33:18]} 27. Nf1 {[%clk 0:29:25]} Bf7 {[%clk 0:29:07]} 28. Qd1 {[%clk
0:26:14]} Bxb3 {[%clk 0:20:22]} 29. Qxb3 {[%clk 0:14:37]} g6 {[%clk 0:20:34]} 30.
a4 {[%clk 0:14:48]} a6 {[%clk 0:20:55]} 31. axb5 {[%clk 0:12:37]} axb5 {[%clk
0:20:53]} 32. Qa2 {[%clk 0:13:01]} h5 {[%clk 0:16:47]} 33. g3 {[%clk 0:07:14]} f4
{[%clk 0:08:54]} 34. gxf4 {[%clk 0:06:55]} Qd7 {[%clk 0:07:48]} 35. Qa8+ {[%clk
0:05:22]} Ke7 {[%clk 0:02:48]} 36. Qg8 {[%clk 0:04:03]} Qf5 {[%clk 0:02:21]} 37.
Qg7+ {[%clk 0:03:14]} Kd8 {[%clk 0:02:16]} 38. Ng3 {[%clk 0:02:55]} Qxf4 {[%clk
0:02:26]} 39. Qxg6 {[%clk 0:01:33]} h4 {[%clk 0:02:20]} 40. Nf1 {[%clk 0:30:47]}
Bd6 {[%clk 0:31:01]} 41. Qg7 {[%clk 0:19:39]} c5 {[%clk 0:24:56]} 42. Qg8+ {[%clk
0:13:41]} Kc7 {[%clk 0:23:58]} 43. Qd5 {[%clk 0:14:07]} cxd4 {[%clk 0:23:22]} 44.
cxd4 {[%clk 0:14:34]} b4 {[%clk 0:22:50]} 45. b3 {[%clk 0:14:26]} f5 {[%clk
0:21:06]} 46. Qf7+ {[%clk 0:05:35]} Kc6 {[%clk 0:14:54]} 47. Qe8+ {[%clk
0:05:41]} Kd5 {[%clk 0:13:05]} 48. Ne3+ {[%clk 0:04:38]} Kxd4 {[%clk 0:13:13]}
49. Qc6 {[%clk 0:03:15]} Ke5 {[%clk 0:09:30]} 50. Qb5+ {[%clk 0:03:03]} Kd4
{[%clk 0:08:55]} 51. Kf1 {[%clk 0:02:26]} Qf3 {[%clk 0:06:02]} 52. Qc4+ {[%clk
0:02:05]} Ke5 {[%clk 0:06:21]} 53. Qxh4 {[%clk 0:02:26]} Bc5 {[%clk 0:04:39]} 54.
Qh8+ {[%clk 0:01:54]} Kf4 {[%clk 0:03:28]} 55. Qh6+ {[%clk 0:01:12]} Ke5 {[%clk
0:03:56]} 56. Qh8+ {[%clk 0:01:06]} Kf4 {[%clk 0:04:24]} 57. Qh4+ {[%clk
0:01:03]} Ke5 {[%clk 0:04:52]} 58. Nc4+ {[%clk 0:01:26]} Ke6 {[%clk 0:04:05]} 59.
Qh6+ {[%clk 0:00:52]} Kd5 {[%clk 0:04:08]} 60. Ne3+ {[%clk 0:01:12]} Ke5 {[%clk
0:03:40]} 61. Qg7+ {[%clk 0:01:26]} Ke6 {[%clk 0:03:24]} 62. Qg8+ {[%clk
0:01:07]} Ke5 {[%clk 0:01:07]} 63. Qe8+ {[%clk 0:01:12]} Kf6 {[%clk 0:00:58]} 64.
Qd8+ {[%clk 0:01:15]} Kg6 {[%clk 0:01:11]} 65. Qg8+ {[%clk 0:01:03]} Kf6 {[%clk
0:01:27]} 66. Qg2 {[%clk 0:00:54]} Qxg2+ {[%clk 0:01:42]} 67. Kxg2 {[%clk
0:01:23]} Ke5 {[%clk 0:02:02]} 68. Kf3 {[%clk 0:01:41]} Kd4 {[%clk 0:01:01]} 69.
Nxf5+ {[%clk 0:01:25]} Kc3 {[%clk 0:01:30]} 70. h4 {[%clk 0:01:26]} Kxb3 {[%clk
0:01:55]} 71. h5 {[%clk 0:01:48]} Kc2 {[%clk 0:00:40]} 72. h6 {[%clk 0:02:13]} b3
{[%clk 0:01:04]} 73. h7 {[%clk 0:02:25]} b2 {[%clk 0:01:18]} 74. h8Q {[%clk
0:02:50]} b1Q {[%clk 0:01:43]} 75. Ne3+ {[%clk 0:02:58]} Kd2 {[%clk 0:01:58]} 76.
Nc4+ {[%clk 0:01:33]} Kc2 {[%clk 0:00:49]} 77. Qh7+ {[%clk 0:01:58]} Kc1 {[%clk
0:01:13]} 78. Qh6+ {[%clk 0:02:23]} Kc2 {[%clk 0:01:04]} 79. Qg6+ {[%clk
0:02:50]} Kc1 {[%clk 0:01:00]} 80. Qg5+ {[%clk 0:03:17]} 1-0

[Event "Baku Chess Olympiad | Open"]
[Site "chess24.com"]
[Date "2016.09.03"]
[Round "2"]
[White "Stojanovic, Dalibor"]
[Black "Bluebaum, Matthias"]
[Result "0-1"]
[Board "3"]
[WhiteID "922692"]
[WhiteElo "2505"]
[WhiteTitle "GM"]
[WhiteCountry "BIH"]
[WhiteFideId "922692"]
[WhiteEloChange "-3"]
[BlackID "24651516"]
[BlackElo "2626"]
[BlackTitle "GM"]
[BlackCountry "GER"]
[BlackFideId "24651516"]
[BlackEloChange "3"]

1. e4 {[%clk 1:30:54]} e6 {[%clk 1:30:55]} 2. d4 {[%clk 1:31:03]} d5 {[%clk
1:31:20]} 3. Nc3 {[%clk 1:29:29]} Nf6 {[%clk 1:31:26]} 4. Bg5 {[%clk 1:29:01]}
dxe4 {[%clk 1:30:41]} 5. Nxe4 {[%clk 1:29:23]} Be7 {[%clk 1:29:06]} 6. Nxf6+
{[%clk 1:25:19]} Bxf6 {[%clk 1:29:06]} 7. Bxf6 {[%clk 1:25:43]} Qxf6 {[%clk
1:29:25]} 8. Nf3 {[%clk 1:25:10]} O-O {[%clk 1:28:42]} 9. c3 {[%clk 1:22:55]} b6
{[%clk 1:27:21]} 10. Bd3 {[%clk 1:17:17]} Bb7 {[%clk 1:27:43]} 11. Qe2 {[%clk
1:14:09]} Bxf3 {[%clk 1:20:21]} 12. gxf3 {[%clk 1:09:52]} Nd7 {[%clk 1:18:52]}
13. O-O-O {[%clk 1:09:12]} Rad8 {[%clk 1:00:47]} 14. Qe4 {[%clk 0:53:10]} Qh6+
{[%clk 0:56:54]} 15. Qe3 {[%clk 0:53:34]} Qh4 {[%clk 0:51:41]} 16. Rhg1 {[%clk
0:38:21]} Nf6 {[%clk 0:46:42]} 17. Qe5 {[%clk 0:36:32]} c5 {[%clk 0:41:20]} 18.
dxc5 {[%clk 0:36:16]} Rd5 {[%clk 0:39:30]} 19. Qg3 {[%clk 0:35:44]} Qh6+ {[%clk
0:36:05]} 20. Kb1 {[%clk 0:35:53]} Rxc5 {[%clk 0:36:03]} 21. Bc2 {[%clk 0:34:17]}
g6 {[%clk 0:29:58]} 22. Rd4 {[%clk 0:31:10]} Rd5 {[%clk 0:25:54]} 23. Rgd1 {[%clk
0:27:32]} Rfd8 {[%clk 0:21:31]} 24. Rxd5 {[%clk 0:20:13]} Rxd5 {[%clk 0:21:06]}
25. Rxd5 {[%clk 0:19:05]} Nxd5 {[%clk 0:20:41]} 26. Qb8+ {[%clk 0:13:22]} Kg7
{[%clk 0:19:42]} 27. Qe5+ {[%clk 0:13:22]} Nf6 {[%clk 0:19:25]} 28. a4 {[%clk
0:08:22]} Qh4 {[%clk 0:16:22]} 29. Qc7 {[%clk 0:07:18]} Qxf2 {[%clk 0:11:13]} 30.
Qxa7 {[%clk 0:05:15]} Qg1+ {[%clk 0:11:12]} 31. Ka2 {[%clk 0:05:41]} Qxh2 {[%clk
0:11:37]} 32. Bb3 {[%clk 0:05:20]} Qd6 {[%clk 0:11:16]} 33. a5 {[%clk 0:05:45]}
bxa5 {[%clk 0:10:52]} 34. Qxa5 {[%clk 0:05:49]} h5 {[%clk 0:09:55]} 35. c4 {[%clk
0:06:15]} h4 {[%clk 0:06:07]} 36. c5 {[%clk 0:06:01]} Qe5 {[%clk 0:06:33]} 37. f4
{[%clk 0:01:15]} Qxf4 {[%clk 0:06:28]} 38. c6 {[%clk 0:00:32]} Ne8 {[%clk
0:06:28]} 39. Qc3+ {[%clk 0:00:58]} Kh7 {[%clk 0:04:16]} 40. Bc2 {[%clk 0:30:56]}
Nc7 {[%clk 0:33:32]} 41. Bb3 {[%clk 0:19:46]} Kg8 {[%clk 0:25:27]} 42. Qd3 {[%clk
0:17:28]} Kg7 {[%clk 0:23:47]} 43. Qc3+ {[%clk 0:16:45]} e5 {[%clk 0:20:38]} 44.
Qd3 {[%clk 0:13:23]} Qd4 {[%clk 0:10:46]} 45. Qf1 {[%clk 0:08:47]} f5 {[%clk
0:10:14]} 46. Qe1 {[%clk 0:09:04]} Kf6 {[%clk 0:08:35]} 47. Qa5 {[%clk 0:08:48]}
Qd6 {[%clk 0:08:59]} 48. Qc3 {[%clk 0:08:54]} g5 {[%clk 0:07:09]} 49. Qc4 {[%clk
0:09:03]} e4 {[%clk 0:07:22]} 50. Qf7+ {[%clk 0:05:44]} Ke5 {[%clk 0:07:47]} 51.
Qg7+ {[%clk 0:06:07]} Kf4 {[%clk 0:08:12]} 52. Qd7 {[%clk 0:06:35]} Qe5 {[%clk
0:05:53]} 53. Qd2+ {[%clk 0:06:46]} e3 {[%clk 0:04:34]} 54. Qh2+ {[%clk 0:07:08]}
Ke4 {[%clk 0:05:00]} 55. Qg2+ {[%clk 0:07:09]} Kd4 {[%clk 0:05:09]} 56. Qxg5
{[%clk 0:06:30]} h3 {[%clk 0:03:59]} 57. Qh4+ {[%clk 0:03:27]} Kc5 {[%clk
0:04:08]} 58. Bd1 {[%clk 0:01:30]} h2 {[%clk 0:01:53]} 59. Bf3 {[%clk 0:00:46]}
e2 {[%clk 0:00:41]} 60. Qe1 {[%clk 0:00:33]} Qe3 {[%clk 0:00:34]} 61. Qa5+ {[%clk
0:00:32]} Kd6 {[%clk 0:01:04]} 62. Qb4+ {[%clk 0:00:37]} Ke6 {[%clk 0:01:15]} 63.
Qc4+ {[%clk 0:00:31]} Ke5 {[%clk 0:01:39]} 64. Qf7 {[%clk 0:00:34]} e1Q {[%clk
0:01:25]} 65. Qxc7+ {[%clk 0:00:59]} Kf6 {[%clk 0:01:51]} 66. Qd8+ {[%clk
0:00:59]} Qe7 {[%clk 0:02:04]} 67. c7 {[%clk 0:00:32]} Qa5+ {[%clk 0:02:21]} 0-1